00685nam a22002297a 450000500170000001000110001702000100002803500110003803700160004904000120006508200190007710000240009624500890012024600590020926000570026827000130032530000200033865000200035865000320037865000240041065000210043420170123162354.0 a149111 c10.00 a149111 bCen Lib/Ret aDPLbUR a921bد ت ب  aد ت بھارتی  a: ٣٣برس cد ت بھارتی b/ ایک افسانہ نگار کاافسانہ  a33 Bras: aek afsana nigar ka afsana /bby Datt Bharti  aدہلیbپنجابی پستک بھںٹاراc00?? bدہلی a272p.c21cm(Hb) aاردو ادب aاردو افسانہ x  v aUrdu literature  aUrdu fiction v